000 00759nam a2200229Ii 4500
003 JO-AjNU
008 230605s9999||||xx |||||||||||||| ||und||
017 _a206/00291
020 _a99906-1-126-2
040 _aJO-AjNU
_bara
_erda
_cJO-AjNU
041 _aara
050 1 4 _aK5256.2006
100 3 _a المتولي، محمد ,
_eauthor
_943769
245 0 0 _aالتخطيط الإستراتيجي في مكافحة جرائم الارهاب الدولي " دراسة مقارنة "
250 _aط1
264 3 1 _aالكويت : جامعة الكويت ، 2006
300 _a521ص
336 _atext
_btxt
_2rdacontent
337 _aunmediated
_bn
_2rdamedia
338 _avolume
_bnc
_2rdacarrier
650 4 _aالارهاب -- مكافحة
_943770
999 _aA18840
_c22408
_d22408